000 00364nam a22001577a 4500
003 MPLRDC
005 20220104145758.0
008 210129b ||||| |||| 00| 0 eng d
082 _a737 LBY
100 _a鲁白野
245 _a印度印象
_c
260 _a
_b星洲世界书局有限公司
_c
300 _b173
650 _a印度史
942 _cBK
_o737 LBY
999 _c51514
_d51504